000 01112cam a22002894a 4500
001 15342057
003 ARRUPE
005 20141209124556.0
008 080624s2009 nyu b 001 0 eng
010 _a 2008028050
020 _a9780791493618 (hardcover : alk. paper)
040 _aDLC
_cDLC
_dDLC
050 0 0 _aLB1033.5
_b.R43 2009
082 0 0 _a378.1/25
_222
100 1 _aReda, Mary M.
_913109
245 1 0 _aBetween speaking and silence :
_ba study of quiet students /
_cMary M. Reda.
260 _aAlbany, NY :
_bState University of New York Press,
_cc2009.
300 _aix, 218 p. ;
_c24 cm.
504 _aIncludes bibliographical references (p. 199-210) and index.
650 0 _aCommunication in education.
_913110
650 0 _aTeacher-student relationships.
_913111
650 0 _aCollege teaching.
_913112
856 4 1 _3Table of contents only
_uhttp://www.loc.gov/catdir/toc/ecip0822/2008028050.html
906 _a7
_bcbc
_corignew
_d1
_eecip
_f20
_gy-gencatlg
942 _2lcc
_cMONOGRAPH
999 _c121407
_d121407